Bommana buruḍe. (Record no. 57368)

MARC details
000 -LEADER
fixed length control field 00548cam a22002291 4500
001 - CONTROL NUMBER
control field sa 64002548
003 - CONTROL NUMBER IDENTIFIER
control field DLC
005 - DATE AND TIME OF LATEST TRANSACTION
control field 20260227112010.0
008 - FIXED-LENGTH DATA ELEMENTS--GENERAL INFORMATION
fixed length control field 950302s1962 ii 000 0 kano
010 ## - LIBRARY OF CONGRESS CONTROL NUMBER
LC control number sa 64002548
025 ## - OVERSEAS ACQUISITION NUMBER
Overseas acquisition number PL480:I-Kan-132
035 ## - SYSTEM CONTROL NUMBER
System control number (OCoLC)32076326
040 ## - CATALOGING SOURCE
Original cataloging agency DLC
Transcribing agency CU
Modifying agency CU
-- DLC
042 ## - AUTHENTICATION CODE
Authentication code premarc
050 00 - LIBRARY OF CONGRESS CALL NUMBER
Classification number PL4659.N3
Item number B6
100 1# - MAIN ENTRY--PERSONAL NAME
Personal name Narasiṃhayya, N.
245 10 - TITLE STATEMENT
Title Bommana buruḍe.
260 ## - PUBLICATION, DISTRIBUTION, ETC.
Date of publication, distribution, etc. [1962]
300 ## - PHYSICAL DESCRIPTION
Extent 195 p.
Dimensions 18 cm.
500 ## - GENERAL NOTE
General note In Kannada.
650 #0 - SUBJECT ADDED ENTRY--TOPICAL TERM
Topical term or geographic name entry element Kannada wit and humor.

No items available.

Powered by Koha